000 00428nam a2200157Ia 4500
008 140925s9999 xx 000 0 und d
020 _a0739-1137
245 _aIASSIST Quarterly /
_h[electronic resource]
260 _bIASSIST,
_cc2013.
516 _aElectronic text
650 _aInformation Technology.
830 _aIASSIST
856 _uhttp://www.iassistdata.org/iq
942 _cEJ
999 _c275699
_d275699